Правові засади використання земель громадської забудови (Запис № 458813)
[ простий вигляд ]
| 000 -Лідер | |
|---|---|
| fixed length control field | 03842nam a22002657a 4500 |
| 001 - Контрольний номер | |
| control field | 5150503 |
| 003 - Ідентифікатор контрольного номера | |
| control field | UA-OsUOA |
| 005 - Дата та час останнього входження (трансакції) | |
| control field | 20201109125926.0 |
| 008 - Елементи даних фіксованої довжини – загальна інформація | |
| fixed length control field | 200409b un ||||| m||| 00| 0 ukr d |
| 040 ## - Джерело каталогізації | |
| Агенція оригінальної каталогізації | UA-OsUOA |
| Мова каталогізації | ukr |
| Агенція, яка здійснювала перезапис | UA-OsUOA |
| Агенція, яка здійснювала модифікацію | UA-OsUOA |
| 041 ## - Код мови | |
| Код мови тексту/ звукової доріжки чи окремого заголовка (П) | ukr |
| 080 ## - Індекс Універсальної десяткової класифікації | |
| Індекс Універсальної десяткової класифікації (УДК) (НП) | 349.4 |
| 090 ## - Локальний шифр розміщення | |
| Класифікаційний індекс УДК | 349.4 |
| 095 ## - Код спеціальності для авторефератів | |
| Код спеціальності | 12.00.06 |
| Назва спеціальності | земельне право; аграрне право; екологічне право; природоресурсне право |
| 100 ## - Основне введення – ім’я особи | |
| Ім’я особи (НП) | Федчишин Д. В. |
| 245 ## - Відомості про назву | |
| Назва (НП) | Правові засади використання земель громадської забудови |
| Дані про відповідальність (НП) | Федчишин Дмитро Володимирович ; наук. керівник Шульга Михайло Васильович |
| 260 ## - Публікація, розповсюдження і т.п. (Вихідні дані) | |
| Місце публікації, розповсюдження і т.п. (П) | Харків |
| Дата публікації, розповсюдження і т.п. (П) | 2014 |
| 300 ## - Фізичний опис | |
| Обсяг | 20 с. |
| 502 ## - Примітка про дисертацію | |
| Зв'язок | Автореферат дисертації на здобуття наукового ступеня кандидата юридичних наук<br/> |
| Наймення інституції, що представляється | Національний юридичний університет імені Ярослава Мудрого |
| Рік отримання вченого ступеня | 2014 |
| 520 ## - Резюме і т.п. | |
| Резюме, реферат, анотація, тощо (НП) | Дисертацію присвячено комплексній науковій розробці правових засад використання земель громадської забудови. Здійснено історико-правовий аналіз розвитку законодавства у зазначеній сфері. У роботі сформульовано й розкрито юридичний зміст дефініції "землі громадської забудови" та проведено відмежування від інших суміжних категорій; визначені їх ознаки; проведено порівняльний аналіз використання земель громадської забудови та інших земель забудови. Стверджується що використання земель громадської забудови може здійснюватися на титулі постійного користування, на умовах оренди та суперфіцію.<br/>Право постійного користування земельною ділянкою — право володіння та користування земельною ділянкою державної чи комунальної власності без визначення строку.<br/>Особливість оренди земель громадської забудови полягає у тому, що земельні ділянки громадської забудови, виступаючи територіальним базисом для розміщення та будівництва відповідних будівель та споруд, а також інших об’єктів загального користування, підлягають забудові, тому на їх орендарів покладається відповідний обов’язок — здійснити забудову.<br/>Власник земельної ділянки має право надати її в користування іншій особі для будівництва побутових, соціально-культурних та інших споруд і будівель. Таке право виникає на підставі договору або заповіту. |
| 650 ## - Додаткове предметне введення – тематичний термін | |
| Джерело заголовка чи терміна | UDC |
| Тематичний термін чи географічна назва, як елемент введення (НП) | 349 Спеціальні галузі права змішаного характеру |
| 942 ## - Додаткові елементи входу (Коха) | |
| Source of classification or shelving scheme | Universal Decimal Classification |
| Тип елемента Koha | Автореферат |
| 955 ## - Код типу видання за змістом | |
| Код типу видання за змістом (НП) | Наукові видання |
Немає доступних примірників.